| 000 | 00706nam a22002175i 4500 | ||
|---|---|---|---|
| 005 | 20180807093557.0 | ||
| 010 | _aB-701208 | ||
| 020 |
_a9789357940443 _c195.00 |
||
| 035 | _aB-701208 | ||
| 037 |
_bDBAD _adpl |
||
| 082 | _a507 | ||
| 100 | 1 | _aGupta , Shikha | |
| 245 | 1 | 0 |
_aNational science Olympiad - 5 / _cby Shikha Gupta and Shikha Nautiyal |
| 260 |
_bV & S Publishers _c2016 |
||
| 270 |
_aF-2/16, Ansari Road, Darya Ganj _bNew Delhi _e110002 |
||
| 300 |
_a309p ; _b24cm (pbk) _cIllus. _eC.D.Rome |
||
| 490 |
_aThe Gen. X series _v5 |
||
| 700 | _aNautiyal, Shikha | ||
| 942 |
_2ddc _cCH _h507 _mGUP |
||
| 999 |
_c155583 _d155583 |
||